Statistics for Washington Wizards: Most 3-PT FGs Each Year

Click here to take the quiz!

General Stats

  • This quiz has been taken 43 times
    (7 since last reset)
  • The average score is 13 of 42

Answer Stats

YearPlayer3-PT FGs% Correct
2016-2017Bradley Beal223
100%
2018-2019Bradley Beal209
100%
2017-2018Bradley Beal199
100%
2015-2016John Wall115
83%
2003-2004Gilbert Arenas125
67%
2004-2005Gilbert Arenas205
67%
2005-2006Gilbert Arenas199
67%
2020-2021Dāvis Bertāns169
67%
2006-2007Gilbert Arenas205
67%
2019-2020Dāvis Bertāns200
67%
1988-1989John Williams19
50%
1986-1987Michael Adams28
50%
1991-1992Michael Adams125
50%
1992-1993Michael Adams68
50%
1985-1986Gus Williams30
50%
1984-1985Gus Williams51
50%
1998-1999Mitch Richmond70
50%
2008-2009Antawn Jamison112
33%
2010-2011Nick Young105
17%
2002-2003Jerry Stackhouse71
17%
1993-1994Rex Chapman64
17%
1995-1996Brent Price139
17%
2014-2015Paul Pierce118
17%
1987-1988Jeff Malone10
17%
2007-2008DeShawn Stevenson158
17%
2011-2012Jordan Crawford79
0%
2009-2010Mike Miller82
0%
2012-2013Martell Webster139
0%
2013-2014Trevor Ariza180
0%
1979-1980Kevin Grevey34
0%
2001-2002Chris Whitney13
0%
1980-1981Kevin Grevey45
0%
1999-2000Tracy Murray113
0%
1997-1998Tracy Murray158
0%
1996-1997Tracy Murray106
0%
1994-1995Calbert Cheaney/Scott Skiles96
0%
1990-1991Ledell Eackles14
0%
1989-1990Ledell Eackles19
0%
1983-1984Ricky Sobers29
0%
1982-1983Ricky Sobers23
0%
1981-1982Kevin Grevey28
0%
2000-2001Chris Whitney93
0%

Score Distribution

Percentile by Number Answered

Percent of People with Each Score

Your Score History

You have not taken this quiz since the last reset